ASRP v štátnom podniku Preglejka Žarnovica : Diplomová práca

Gespeichert in:
Bibliographische Detailangaben
1. Verfasser: Mokrý, Ján (Verfasst von)
Weitere Verfasser: Pecko, Eduard (xxx)
Format: Manuskript Buch
Sprache:Slowakisch
Veröffentlicht: Trnava : STU v Bratislave MtF KAIS, 1992
Schlagworte:
Tags: Tag hinzufügen
Keine Tags, Fügen Sie das erste Tag hinzu!

MARC

LEADER 00000ntm a22000003a 4500
001 stu60948
005 20160719155123.5
008 010803s1992----xo------------------slo-d
040 |a STU  |b slo 
041 0 |a slo 
044 |a xo 
100 1 |a Mokrý, Ján  |4 aut 
245 1 |a ASRP v štátnom podniku Preglejka Žarnovica :  |b Diplomová práca 
260 |a Trnava :  |b STU v Bratislave MtF KAIS,  |c 1992 
300 |a 89 s 
650 7 |a Automatizované systémy riadenia výrobných procesov v strojárstve  |2 stusub 
700 1 |a Pecko, Eduard  |4 xxx 
996 |b 284M032946  |c M*DP-1435  |l MMSKP  |s P  |a 0  |w stu60948_0001